000 00574nam a2200205Ia 4500
005 20250923145606.0
008 008 250917s9999 xx 000 0 eng d
037 _aTextual
040 _aDSWL
_beng
_cDSWL
041 _aeng
_2eng
084 _aY5.2, N79
_qDSWL
100 _aPande, S.V.
_9836929
245 0 _aRelative deprivation among career - Elise
_c by S.V.Pande
260 _aLucknow
_bSunita Prakashan
_c1979
300 _aiii,231p.
365 _aINR
_b50.40
925 _g50.40
942 _cTEXL
_hY5.2, N79
999 _c1453228
_d1453228